[Event "4NCL Online Division 3"]
[Site "online"]
[Date "2020.10.06"]
[Round "4.144"]
[White "Duffell, Andrew"]
[Black "Bleeg, Elliott"]
[Result "1-0"]
[WhiteElo "1622"]
[BlackElo "1217"]
[PlyCount "55"]
[EventDate "2020.10.06"]
[WhiteTeam "Chessmates"]
[BlackTeam "Downend 2"]

1. d4 d5 2. c4 e6 3. Nc3 Nf6 4. cxd5 exd5 5. Bg5 Be7 6. e3 O-O 7. Bd3 Nc6 8.
Bxf6 Bxf6 9. Qb3 Re8 10. Nge2 Ne7 11. Qc2 g6 12. h4 Be6 13. h5 Kg7 14. e4 dxe4
15. Bxe4 Rb8 16. O-O-O Qd6 17. hxg6 fxg6 18. Qd2 Ng8 19. Kb1 Qa6 20. Bd3 Qxd3+
21. Qxd3 Bf5 22. Qxf5 gxf5 23. Ng3 Kg6 24. Nd5 Red8 25. Nf4+ Kf7 26. Rxh7+ Ke8
27. Re1+ Kf8 28. Ng6# 1-0

[Event "4NCL Online Division 3"]
[Site "online"]
[Date "2020.10.06"]
[Round "4.151"]
[White "Broom, Mark"]
[Black "Phillips, Owen S"]
[Result "1-0"]
[WhiteElo "2117"]
[BlackElo "1871"]
[PlyCount "107"]
[EventDate "2020.10.06"]
[WhiteTeam "Horsham 1"]
[BlackTeam "Streatham B"]

1. g3 g6 2. Bg2 Bg7 3. c4 Nf6 4. Nc3 c6 5. e4 d6 6. Nge2 O-O 7. O-O Na6 8. d3
e5 9. h3 Qc7 10. Be3 Nc5 11. b4 Ne6 12. Rc1 b6 13. f4 Nh5 14. f5 Nd4 15. g4
Nxe2+ 16. Nxe2 Nf6 17. g5 Nh5 18. f6 Bh8 19. d4 Rd8 20. Qb3 Bd7 21. c5 bxc5 22.
dxc5 Be6 23. cxd6 Qxd6 24. Qc2 Qd3 25. Qxd3 Rxd3 26. Rc3 Rad8 27. Rfc1 Nxf6 28.
gxf6 Bxf6 29. Bxa7 Rd1+ 30. Kh2 R1d2 31. R1c2 Bxa2 32. Be3 Rxc2 33. Rxc2 Be6
34. Rxc6 Rb8 35. Nc3 Rxb4 36. Nd5 Rb3 37. Nxf6+ Kg7 38. Bg5 h6 39. Ne8+ Kf8 40.
Bxh6+ Kxe8 41. Rc5 f6 42. Bg7 Ke7 43. Rc7+ Kd6 44. Ra7 f5 45. Ra6+ Kd7 46. exf5
Bxf5 47. Bxe5 Re3 48. Bf4 Re2 49. Kg3 Rb2 50. Bc6+ Ke7 51. Ra7+ Kf6 52. Bd5 g5
53. Ra6+ Kg7 54. Be5+ 1-0

[Event "4NCL Online Division 3"]
[Site "online"]
[Date "2020.10.06"]
[Round "4.152"]
[White "Romeril, Alan"]
[Black "Roberts, David N"]
[Result "1-0"]
[WhiteElo "1637"]
[BlackElo "1982"]
[PlyCount "141"]
[EventDate "2020.10.06"]
[WhiteTeam "Streatham B"]
[BlackTeam "Horsham 1"]

1. d4 Nf6 2. c4 c5 3. d5 e6 4. Nc3 exd5 5. cxd5 d6 6. e4 g6 7. Nf3 Bg7 8. Bg5
O-O 9. Nd2 Nbd7 10. Be2 h6 11. Bh4 Qe7 12. O-O g5 13. Bg3 a6 14. Nc4 Ne8 15.
Qc2 b5 16. Na5 Ne5 17. Bxe5 Bxe5 18. Nc6 Qf6 19. Nxe5 Qxe5 20. Rae1 Nf6 21. f3
Nh5 22. Nd1 Bd7 23. Nf2 Rae8 24. Ng4 Bxg4 25. fxg4 Nf4 26. Bf3 Re7 27. Qc3 Rfe8
28. Qxe5 Rxe5 29. Rd1 R5e7 30. Kf2 Ng6 31. h3 Ne5 32. Rfe1 Kg7 33. b3 Rc8 34.
Be2 c4 35. bxc4 Nxc4 36. Bxc4 Rxc4 37. e5 Rxe5 38. Rxe5 dxe5 39. d6 Rc8 40. d7
Rd8 41. Ke3 f6 42. Rd6 a5 43. Ke4 Kf7 44. Kf5 Ke7 45. Rxf6 Rxd7 46. Re6+ Kf7
47. Rxh6 Rd2 48. Rb6 Rf2+ 49. Kxg5 b4 50. h4 Rxg2 51. h5 Rxa2 52. h6 Rh2 53.
Rb7+ Ke6 54. h7 b3 55. Kg6 b2 56. Kg7 a4 57. Rxb2 Rxb2 58. h8=Q Rb7+ 59. Kg6
Ra7 60. Qf6+ Kd5 61. Kf5 a3 62. Qxe5+ Kc4 63. Qe6+ Kd3 64. Qd5+ Ke2 65. Qa2+
Kf3 66. g5 Ra5+ 67. Kf6 Ra6+ 68. Kg7 Ra7+ 69. Kh6 Kg4 70. g6 Kf5 71. Qf2+ 1-0

[Event "4NCL Online Division 3"]
[Site "online"]
[Date "2020.10.06"]
[Round "4.153"]
[White "Taylor, Alex B"]
[Black "Chung, Michael"]
[Result "1/2-1/2"]
[WhiteElo "1922"]
[BlackElo "1630"]
[PlyCount "112"]
[EventDate "2020.10.06"]
[WhiteTeam "Horsham 1"]
[BlackTeam "Streatham B"]

1. e4 e5 2. Nf3 Nc6 3. Bb5 a6 4. Ba4 Nf6 5. O-O Be7 6. Re1 b5 7. Bb3 d6 8. h3
Be6 9. c3 Na5 10. Bc2 c5 11. d4 Qc7 12. Nbd2 c4 13. Nf1 Nb7 14. a4 Rb8 15. axb5
axb5 16. Ng3 O-O 17. Be3 Rfd8 18. d5 Bd7 19. Qd2 Nc5 20. Bg5 Rb7 21. Qe3 Rdb8
22. Nh4 Qd8 23. Bxf6 Bxf6 24. Nhf5 Bxf5 25. Nxf5 Qd7 26. Qg3 Kh8 27. Qe3 b4 28.
Qe2 bxc3 29. bxc3 Rb2 30. Rab1 Rxb1 31. Bxb1 g6 32. Nh6 Bg7 33. Ng4 Qa4 34. Ne3
Qa1 35. Bc2 Qxc3 36. Nxc4 Bf8 37. Ne3 Rb2 38. Nd1 Qxe1+ 39. Qxe1 Rxc2 40. Ne3
Rb2 41. f3 Rb3 42. Nc4 Kg7 43. Qa5 Rb7 44. Qd8 Rd7 45. Qb6 f6 46. Qc6 Kf7 47.
Nb6 Rb7 48. Na4 Rb1+ 49. Kh2 Nxa4 50. Qxa4 Be7 51. Qd7 Rc1 52. Kg3 Rc5 53. Qe6+
Kf8 54. Qd7 Kf7 55. Qe6+ Kf8 56. Qd7 Kf7 1/2-1/2

[Event "4NCL Online Division 3"]
[Site "online"]
[Date "2020.10.06"]
[Round "4.154"]
[White "Oshundiya, Angelo"]
[Black "Ashby, Nicholas G"]
[Result "0-1"]
[WhiteElo "1487"]
[BlackElo "1862"]
[PlyCount "78"]
[EventDate "2020.10.06"]
[WhiteTeam "Streatham B"]
[BlackTeam "Horsham 1"]

1. c4 g6 2. g3 Bg7 3. e4 Nc6 4. Bg2 Nf6 5. d3 d6 6. Bg5 h6 7. Bd2 a5 8. Nf3 Bg4
9. Nc3 Nd7 10. Qb3 Bxf3 11. Bxf3 Nd4 12. Qd1 Ne5 13. Bg2 Nxd3+ 14. Kf1 Nxb2 15.
Qb1 Nxc4 16. Bc1 Nc6 17. Qb3 Nb6 18. Rb1 a4 19. Qc2 e6 20. Nb5 O-O 21. h4 f5
22. exf5 Rxf5 23. Bh3 Rf6 24. Bb2 e5 25. f4 Qe7 26. Re1 Raf8 27. Kg2 Qf7 28.
Rhf1 Qd5+ 29. Kh2 Qxb5 30. Be6+ Rxe6 31. f5 Ref6 32. g4 gxf5 33. gxf5 Rxf5 34.
Rxf5 Rxf5 35. Qxf5 Qxb2+ 36. Kh1 Qxa2 37. Rg1 Qf7 38. Qd3 Qd5+ 39. Qxd5+ Nxd5
0-1

[Event "4NCL Online Division 3"]
[Site "online"]
[Date "2020.10.06"]
[Round "4.161"]
[White "Slonczuk, Pawel"]
[Black "Pedersen, Carsten"]
[Result "0-1"]
[WhiteElo "1667"]
[BlackElo "2185"]
[PlyCount "36"]
[EventDate "2020.10.06"]
[WhiteTeam "Wimbledon 2"]
[BlackTeam "Celtic Tigers"]

1. d4 Nf6 2. Bg5 e6 3. Nc3 d5 4. e3 Be7 5. Nf3 b6 6. Ne5 Bb7 7. Bb5+ c6 8. Bd3
a6 9. Ne2 Nbd7 10. f4 c5 11. c3 b5 12. O-O Rc8 13. Ng3 g6 14. Qe2 Ne4 15. Nxe4
dxe4 16. Bxe7 exd3 17. Bxd8 dxe2 18. Rfe1 Rxd8 0-1

[Event "4NCL Online Division 3"]
[Site "online"]
[Date "2020.10.06"]
[Round "4.162"]
[White "Brixel, Christof"]
[Black "Blackburn, Andrew J"]
[Result "1-0"]
[WhiteElo "2087"]
[BlackElo "1645"]
[PlyCount "37"]
[EventDate "2020.10.06"]
[WhiteTeam "Celtic Tigers"]
[BlackTeam "Wimbledon 2"]

1. d4 d5 2. Bf4 Nf6 3. e3 c5 4. c3 Nc6 5. Nd2 e6 6. Ngf3 Be7 7. Bd3 O-O 8. Ne5
Nxe5 9. dxe5 Ne8 10. h4 f5 11. g4 b6 12. Nf3 d4 13. gxf5 exf5 14. Bc4+ Kh8 15.
Ng5 g6 16. h5 Bxg5 17. hxg6 h6 18. Rxh6+ Bxh6 19. Qh5 1-0

[Event "4NCL Online Division 3"]
[Site "online"]
[Date "2020.10.06"]
[Round "4.163"]
[White "Brett, Alex I"]
[Black "Kitchen, Peter J"]
[Result "0-1"]
[WhiteElo "1540"]
[BlackElo "1870"]
[PlyCount "74"]
[EventDate "2020.10.06"]
[WhiteTeam "Wimbledon 2"]
[BlackTeam "Celtic Tigers"]

1. d4 d5 2. Bg5 c6 3. e3 Qb6 4. Qc1 Bf5 5. c4 Nd7 6. Nf3 Ngf6 7. Nc3 e6 8. a3
a5 9. c5 Qd8 10. b4 b6 11. Be2 Be7 12. O-O O-O 13. Nh4 Ne4 14. Bxe7 Qxe7 15.
Nxf5 exf5 16. Nxe4 fxe4 17. f3 f5 18. fxe4 fxe4 19. Qc3 axb4 20. axb4 b5 21.
Bg4 Nf6 22. Bh3 g6 23. Ra5 Kg7 24. Rfa1 Qb7 25. R1a2 Rxa5 26. Rxa5 h5 27. Qa1
Kh6 28. g3 Ng4 29. Bxg4 hxg4 30. Ra7 Qc8 31. Qa6 Qf5 32. Qa1 Qf2+ 33. Kh1 Qe2
34. Kg1 Rf2 35. Ra2 Qxa2 36. Qe1 Rg2+ 37. Kf1 Rxh2 0-1

[Event "4NCL Online Division 3"]
[Site "online"]
[Date "2020.10.06"]
[Round "4.164"]
[White "Hoong, Jonathan"]
[Black "Selim, Omar"]
[Result "1-0"]
[WhiteElo "1712"]
[BlackElo "1315"]
[PlyCount "123"]
[EventDate "2020.10.06"]
[WhiteTeam "Celtic Tigers"]
[BlackTeam "Wimbledon 2"]

1. e4 e5 2. Nf3 Nc6 3. Bc4 Bc5 4. c3 Nf6 5. d3 h6 6. O-O d6 7. Nbd2 O-O 8. b4
Bb6 9. Re1 a6 10. a4 Be6 11. Qb3 Bxc4 12. Nxc4 Ba7 13. Ra2 Ne7 14. d4 exd4 15.
cxd4 Ng6 16. e5 dxe5 17. Ncxe5 Nxe5 18. dxe5 Ng4 19. h3 Bxf2+ 20. Rxf2 Nxf2 21.
Kxf2 c6 22. Bb2 Qd5 23. Qxd5 cxd5 24. Rd1 Rad8 25. Nd4 Rfe8 26. Nf5 Kh7 27. Nd6
Re7 28. Rxd5 Rdd7 29. Rc5 Rc7 30. Ne4 b6 31. Rxc7 Rxc7 32. Bc3 Kg6 33. Kf3 b5
34. axb5 axb5 35. Ke3 Rc6 36. Kd3 f6 37. exf6 gxf6 38. Nxf6 Rd6+ 39. Ke4 Kg5
40. Ng4 Kg6 41. Ne5+ Kh5 42. Nf3 Kg6 43. Nd4 Rb6 44. Kd5 Ra6 45. Nxb5 Ra2 46.
g3 Rg2 47. Be5 Rh2 48. h4 Rd2+ 49. Kc4 Re2 50. Bf4 h5 51. Nd6 Rc2+ 52. Kd5 Kf6
53. b5 Rb2 54. Kc6 Ke6 55. b6 Rc2+ 56. Kb7 Rb2 57. Kc7 Rc2+ 58. Kd8 Rb2 59. b7
Rxb7 60. Nxb7 Kf5 61. Ke7 Kg4 62. Kf6 1-0

[Event "4NCL Online Division 3"]
[Site "online"]
[Date "2020.10.20"]
[Round "5.11"]
[White "Singh, Amrik J"]
[Black "Waterfield, John W"]
[Result "1-0"]
[WhiteElo "1847"]
[BlackElo "2035"]
[PlyCount "105"]
[EventDate "2020.10.20"]
[WhiteTeam "Warley Mighty Quins"]
[BlackTeam "Abergavenny and Friends"]

1. e4 c5 2. f4 Nc6 3. Nf3 g6 4. c3 d5 5. e5 Bg4 6. Be2 Bg7 7. O-O h5 8. d3 Nh6
9. Na3 e6 10. Nc2 Nf5 11. Qe1 O-O 12. Qf2 Qe7 13. h3 Bxf3 14. Bxf3 h4 15. Ne3
Ng3 16. Re1 f6 17. exf6 Qxf6 18. Ng4 Qf5 19. Qxc5 Qxd3 20. Be3 Qf5 21. Rad1
Rac8 22. Qa3 Rf7 23. Kh2 b6 24. Qa4 Na5 25. Nf2 Nc4 26. Bc1 Qf6 27. Bg4 Re7 28.
Qb4 Rc5 29. Nd3 a5 30. Qb3 Rc6 31. Qc2 Ne4 32. Bf3 Ncd6 33. Ne5 Rc8 34. Ng4 Qf5
35. Qb3 Rb7 36. Qc2 b5 37. Nf2 b4 38. Nxe4 Nxe4 39. Bxe4 dxe4 40. Qxe4 Qxe4 41.
Rxe4 bxc3 42. bxc3 Kf7 43. c4 Rb4 44. Rd7+ Kf6 45. a3 Kf5 46. axb4 Kxe4 47.
Rxg7 Rxc4 48. Bb2 axb4 49. Rxg6 Rc2 50. Rxe6+ Kf5 51. Rf6+ Ke4 52. Be5 b3 53.
Rb6 1-0

[Event "4NCL Online Division 3"]
[Site "online"]
[Date "2020.10.20"]
[Round "5.12"]
[White "Wakeham, Marc"]
[Black "Turner, Jon"]
[Result "1/2-1/2"]
[WhiteElo "1900"]
[BlackElo "1892"]
[PlyCount "77"]
[EventDate "2020.10.20"]
[WhiteTeam "Abergavenny and Friends"]
[BlackTeam "Warley Mighty Quins"]

1. e4 c5 2. c3 Nf6 3. e5 Nd5 4. d4 cxd4 5. Nf3 e6 6. cxd4 b6 7. Bd3 Bb4+ 8. Bd2
Bxd2+ 9. Nbxd2 O-O 10. O-O Bb7 11. Nc4 Nc6 12. Nd6 Rb8 13. a3 Nce7 14. Rc1 Nc8
15. Nxb7 Rxb7 16. Be4 Nce7 17. Qd2 d6 18. Rc2 dxe5 19. dxe5 Rd7 20. Qc1 Qb8 21.
Qb1 h6 22. Rfc1 Rfd8 23. h3 Nf4 24. Kh2 Neg6 25. Bxg6 Nxg6 26. Re1 Nf4 27. g3
Nd3 28. Ree2 Qb7 29. Re3 Nc5 30. b4 Ne4 31. Qf1 Qd5 32. Qe2 Ng5 33. Nxg5 hxg5
34. Qf3 Qd4 35. Qe4 Qa1 36. Rec3 Qf1 37. Qg2 Qe1 38. Re3 Qb1 39. Rec3 1/2-1/2

[Event "4NCL Online Division 3"]
[Site "online"]
[Date "2020.10.20"]
[Round "5.13"]
[White "Emery, Ian"]
[Black "Keene, Alan"]
[Result "1/2-1/2"]
[WhiteElo "1847"]
[BlackElo "1840"]
[PlyCount "90"]
[EventDate "2020.10.20"]
[WhiteTeam "Warley Mighty Quins"]
[BlackTeam "Abergavenny and Friends"]

1. e4 c5 2. Nf3 d6 3. Bb5+ Bd7 4. Bxd7+ Qxd7 5. O-O Nf6 6. Re1 Nc6 7. c3 g6 8.
d4 cxd4 9. cxd4 Bg7 10. d5 Ne5 11. Nxe5 dxe5 12. Nc3 O-O 13. Qb3 Nh5 14. Bg5
Nf4 15. f3 h6 16. Bxf4 exf4 17. e5 Qc7 18. Nb5 Qb6+ 19. Kh1 a6 20. Nc3 Qxb3 21.
axb3 Rfd8 22. Ra4 g5 23. h4 f6 24. e6 f5 25. Rd1 Be5 26. Kg1 Rac8 27. Rd3 Rc5
28. Rc4 Rdc8 29. Rxc5 Rxc5 30. hxg5 hxg5 31. Kf2 b5 32. Ke2 b4 33. Na4 Rc2+ 34.
Rd2 Rc1 35. Kd3 Bd6 36. Kd4 Kg7 37. Kd3 Kf6 38. Nb6 Re1 39. Nc4 Bc5 40. Re2
Rd1+ 41. Rd2 Re1 42. Re2 Rc1 43. Rc2 Re1 44. Re2 Rd1+ 45. Rd2 Re1 1/2-1/2

[Event "4NCL Online Division 3"]
[Site "online"]
[Date "2020.10.20"]
[Round "5.14"]
[White "Morgans, Justin"]
[Black "Maybury, Philip C"]
[Result "0-1"]
[WhiteElo "1618"]
[BlackElo "1772"]
[PlyCount "96"]
[EventDate "2020.10.20"]
[WhiteTeam "Abergavenny and Friends"]
[BlackTeam "Warley Mighty Quins"]

1. d4 Nf6 2. c4 e5 3. dxe5 Ng4 4. Nf3 Nc6 5. h3 Ngxe5 6. Nxe5 Nxe5 7. e3 Bb4+
8. Bd2 Bxd2+ 9. Qxd2 d6 10. Nc3 Be6 11. b3 O-O 12. O-O-O a5 13. f4 Nd7 14. g4
Nc5 15. f5 Bd7 16. Bg2 Bc6 17. Bd5 Re8 18. Rhe1 Bxd5 19. Qxd5 Qh4 20. Qf3 a4
21. b4 Nd3+ 22. Rxd3 Qxe1+ 23. Kc2 c6 24. g5 d5 25. c5 Rad8 26. Qe2 Qxe2+ 27.
Nxe2 Re5 28. Nd4 g6 29. fxg6 hxg6 30. Nf3 Re4 31. a3 Rde8 32. Kd2 Kg7 33. h4 f5
34. gxf6+ Kxf6 35. Ke2 Rg4 36. Kf2 Ree4 37. Ng5 Rc4 38. Nf3 Rc2+ 39. Kf1 Rgg2
40. Ke1 Ra2 41. Rd2 Ra1+ 42. Rd1 Rxd1+ 43. Kxd1 Ra2 44. Nd4 Rxa3 45. Nc2 Rb3
46. Kc1 a3 47. Kd2 a2 48. Kc1 Rb1+ 0-1

[Event "4NCL Online Division 3"]
[Site "online"]
[Date "2020.10.20"]
[Round "5.21"]
[White "Retallick, Lloyd"]
[Black "Pigott, Darrell N"]
[Result "1/2-1/2"]
[WhiteElo "2065"]
[BlackElo "1960"]
[PlyCount "42"]
[EventDate "2020.10.20"]
[WhiteTeam "Trelawny's Army"]
[BlackTeam "Watford 2"]

1. c4 Nf6 2. Nc3 c5 3. g3 Nc6 4. Bg2 g6 5. Nf3 Bg7 6. d4 cxd4 7. Nxd4 Nxd4 8.
Qxd4 d6 9. O-O O-O 10. Qd3 Nd7 11. b3 Nc5 12. Qd2 a5 13. Bb2 a4 14. Nxa4 Nxa4
15. Bxg7 Kxg7 16. bxa4 Rxa4 17. Qc2 Qa5 18. Bxb7 Bxb7 19. Qb2+ Kg8 20. Qxb7 e6
21. Qc6 Rxa2 1/2-1/2

[Event "4NCL Online Division 3"]
[Site "online"]
[Date "2020.10.20"]
[Round "5.22"]
[White "Sloan, Cecil"]
[Black "Menadue, Jeremy F S"]
[Result "1/2-1/2"]
[WhiteElo "1720"]
[BlackElo "2050"]
[PlyCount "45"]
[EventDate "2020.10.20"]
[WhiteTeam "Watford 2"]
[BlackTeam "Trelawny's Army"]

1. e4 Nf6 2. e5 Nd5 3. c4 Nb6 4. d4 d6 5. exd6 exd6 6. Nc3 Be7 7. Bd3 c6 8.
Nge2 Na6 9. a3 Nc7 10. h3 O-O 11. O-O d5 12. c5 Nc4 13. Qc2 g6 14. b3 Na5 15.
Bh6 Re8 16. Nf4 Bg5 17. Bxg5 Qxg5 18. Nce2 Rxe2 19. Nxe2 Bxh3 20. Ng3 Bd7 21.
b4 Nc4 22. Bxc4 dxc4 23. Qxc4 1/2-1/2

[Event "4NCL Online Division 3"]
[Site "online"]
[Date "2020.10.20"]
[Round "5.23"]
[White "Kneebone, Robin F G"]
[Black "Littlefair, Paul"]
[Result "1-0"]
[WhiteElo "1982"]
[BlackElo "1690"]
[PlyCount "59"]
[EventDate "2020.10.20"]
[WhiteTeam "Trelawny's Army"]
[BlackTeam "Watford 2"]

1. Nf3 Nf6 2. g3 Nc6 3. d4 d5 4. Bg2 Bg4 5. Ne5 Nxe5 6. dxe5 Nd7 7. Qxd5 c6 8.
Qd4 Bf5 9. e4 Bg6 10. Nd2 e6 11. Nc4 Qc7 12. Nd6+ Kd8 13. Bg5+ Be7 14. Bxe7+
Kxe7 15. O-O-O Rhd8 16. f4 c5 17. Qc3 a6 18. g4 f6 19. exf6+ gxf6 20. e5 Rab8
21. Rhe1 b5 22. Qh3 Qa5 23. Qh6 Rg8 24. exf6+ Nxf6 25. f5 Bf7 26. g5 Ng4 27.
Rxe6+ Kd7 28. Ne8+ Kc8 29. Rc6+ Kb7 30. Rc7# 1-0

[Event "4NCL Online Division 3"]
[Site "online"]
[Date "2020.10.20"]
[Round "5.24"]
[White "Shaw, David K"]
[Black "Hassall, Mark I"]
[Result "0-1"]
[WhiteElo "1660"]
[BlackElo "1942"]
[PlyCount "138"]
[EventDate "2020.10.20"]
[WhiteTeam "Watford 2"]
[BlackTeam "Trelawny's Army"]

1. d4 d5 2. Bf4 c5 3. e3 Nf6 4. c3 Nc6 5. Bd3 Qb6 6. Qc2 c4 7. Be2 Bf5 8. Qc1
e6 9. Nf3 Be7 10. Nh4 Bd3 11. Bxd3 cxd3 12. Nf3 Rc8 13. a3 Na5 14. Nbd2 Ne4 15.
Rb1 Nc4 16. O-O g5 17. Nxe4 gxf4 18. Ned2 fxe3 19. fxe3 Nxe3 20. Re1 Nc4 21.
Ne5 Nxe5 22. Rxe5 Bf6 23. Qe1 Bxe5 24. Qxe5 Rg8 25. Qe3 Qb5 26. Qe1 Rg7 27. Nf3
Qb3 28. Qd1 Qc2 29. Qxc2 dxc2 30. Rc1 Ke7 31. Rxc2 b5 32. Re2 f6 33. Kf2 Kd6
34. Ke1 Re8 35. Kf2 e5 36. Nh4 Rg5 37. Nf3 Rf5 38. Ke1 e4 39. Nh4 Rh5 40. g3 f5
41. Rf2 Rg8 42. Nxf5+ Ke6 43. Ne3 Rd8 44. Kf1 a5 45. Kg1 Rh6 46. Kg2 Rf6 47.
Rxf6+ Kxf6 48. Kf2 Ke6 49. Kg2 Rf8 50. Kg1 Rf3 51. Nf1 Kd6 52. Kg2 Rd3 53. Kg1
Rd1 54. Kf2 Rb1 55. Ke3 Rxb2 56. Nd2 Rc2 57. Nb1 Rxh2 58. Nd2 Ke6 59. Nb3 Rc2
60. Nc5+ Kf5 61. a4 Rxc3+ 62. Kf2 bxa4 63. Nxa4 Rc4 64. Nb2 Rxd4 65. Ke3 Rb4
66. Nd1 a4 67. Kf2 a3 68. Nc3 a2 69. Nxa2 Rb2+ 0-1

[Event "4NCL Online Division 3"]
[Site "online"]
[Date "2020.10.20"]
[Round "5.31"]
[White "Putar, Leon"]
[Black "Hayali, Laith"]
[Result "0-1"]
[WhiteElo "1894"]
[BlackElo "1765"]
[PlyCount "52"]
[EventDate "2020.10.20"]
[WhiteTeam "St Benildus B"]
[BlackTeam "Hatch End A"]

1. e4 d6 2. d4 Nf6 3. Nc3 g6 4. Bd3 Bg7 5. Nge2 O-O 6. f3 c6 7. Be3 b5 8. Qd2
Nbd7 9. g4 e5 10. h4 exd4 11. Nxd4 Ne5 12. Be2 b4 13. Na4 c5 14. Nb5 Bxg4 15.
fxg4 Nxe4 16. Qd5 Ng3 17. Rh2 Nxe2 18. Kxe2 Qa5 19. Nxd6 Qxa4 20. Ke1 Rad8 21.
Rf2 Rxd6 22. Qxd6 Nc4 23. b3 Nxd6 24. bxa4 Bxa1 25. Bxc5 Re8+ 26. Kf1 Ne4 0-1

[Event "4NCL Online Division 3"]
[Site "online"]
[Date "2020.10.20"]
[Round "5.32"]
[White "Parsons, Robert"]
[Black "Putar, Lara"]
[Result "0-1"]
[WhiteElo "1742"]
[BlackElo "1834"]
[PlyCount "136"]
[EventDate "2020.10.20"]
[WhiteTeam "Hatch End A"]
[BlackTeam "St Benildus B"]

1. e4 e6 2. d4 d5 3. Nc3 Bb4 4. exd5 exd5 5. Bd3 Nc6 6. Be3 Nge7 7. Nf3 O-O 8.
h3 Nf5 9. Qd2 Nxe3 10. fxe3 Re8 11. O-O-O Bxc3 12. Qxc3 a5 13. Rdf1 Nb4 14. Kb1
Nxd3 15. Qxd3 Qe7 16. Re1 Ra6 17. Re2 Re6 18. Rhe1 b5 19. Ne5 f6 20. Ng4 b4 21.
Qb3 h5 22. Nh2 Ba6 23. Qxd5 Bxe2 24. Rxe2 Qd6 25. Qxd6 Rxd6 26. c3 f5 27. Nf3
Re4 28. g3 Rg6 29. Nh4 Rxg3 30. Nxf5 Rxh3 31. cxb4 axb4 32. Kc2 Rf3 33. Kd3 Re8
34. Nh4 Rh3 35. Nf5 g6 36. Rg2 Kh7 37. Ng3 h4 38. Ne4 Kh6 39. Rc2 Re7 40. Rc4
Rh1 41. Rxb4 h3 42. a4 h2 43. Nf2 Rg1 44. e4 h1=Q 45. Nxh1 Rxh1 46. e5 g5 47.
Ke4 Rf1 48. Rb3 Rf4+ 49. Ke3 Rh4 50. Rb8 Rh3+ 51. Ke4 g4 52. Rh8+ Rh7 53. Rg8
Kh5 54. b4 Rb3 55. b5 Ra3 56. Kf5 g3 57. e6 Kh4 58. Kf6 Rf3+ 59. Ke5 Kh3 60. a5
Re3+ 61. Kf6 Rh6+ 62. Kg5 Rhxe6 63. Kf4 R6e4+ 64. Kf5 Rxd4 65. a6 Ra3 66. Ke5
Rg4 67. Rc8 g2 68. Rxc7 g1=Q 0-1

[Event "4NCL Online Division 3"]
[Site "online"]
[Date "2020.10.20"]
[Round "5.33"]
[White "Healy, John"]
[Black "Phillips, William"]
[Result "0-1"]
[WhiteElo "1889"]
[BlackElo "1819"]
[PlyCount "64"]
[EventDate "2020.10.20"]
[WhiteTeam "St Benildus B"]
[BlackTeam "Hatch End A"]

1. e4 e5 2. Nf3 Nc6 3. Bc4 Bc5 4. O-O Nf6 5. d3 d6 6. c3 O-O 7. Bb3 a6 8. Nbd2
h6 9. Bc2 Ba7 10. h3 Be6 11. Re1 Ne7 12. d4 Ng6 13. Nf1 c5 14. Ng3 Qc7 15. Be3
Rac8 16. dxe5 dxe5 17. Qe2 b5 18. a4 Bc4 19. Bd3 Bxd3 20. Qxd3 c4 21. Qe2 Bxe3
22. Qxe3 Rfd8 23. axb5 Rd3 24. b6 Qc6 25. Qe2 Qxb6 26. Qc2 Rcd8 27. Nf1 Qe6 28.
N1d2 Nf4 29. Kh2 N6h5 30. Nxc4 Rxf3 31. Nxe5 Qxe5 32. gxf3 Qe6 0-1

[Event "4NCL Online Division 3"]
[Site "online"]
[Date "2020.10.20"]
[Round "5.34"]
[White "Breed, Greg J"]
[Black "Burke, Kevin A."]
[Result "1-0"]
[WhiteElo "1784"]
[BlackElo "1883"]
[PlyCount "101"]
[EventDate "2020.10.20"]
[WhiteTeam "Hatch End A"]
[BlackTeam "St Benildus B"]

1. d4 e6 2. Bf4 f5 3. Nf3 Nf6 4. g3 Be7 5. Bg2 O-O 6. c4 d6 7. Nc3 Qe8 8. O-O
a5 9. Nd2 Nh5 10. Be3 f4 11. gxf4 Nxf4 12. Bxf4 Rxf4 13. e3 Rf6 14. f4 Nd7 15.
Qe2 Bd8 16. Nde4 Rh6 17. Bf3 Nf6 18. Kh1 e5 19. Rg1 exf4 20. exf4 Bf5 21. Rae1
Qd7 22. Ng5 Rb8 23. Bd5+ Kf8 24. Be6 Bxe6 25. Nxe6+ Kg8 26. Rxg7+ Qxg7 27. Nxg7
Kxg7 28. f5 c6 29. Rg1+ Kf8 30. Qe6 Be7 31. Ne4 Ng4 32. Rxg4 Rxe6 33. fxe6 b5
34. Rf4+ Ke8 35. cxb5 Rxb5 36. Rf7 Rxb2 37. Rxh7 Re2 38. Rh8+ Bf8 39. Nxd6+ Ke7
40. Nf5+ Ke8 41. e7 Rxe7 42. Nxe7 Kxe7 43. Kg2 Bg7 44. Rh7 Kf6 45. Kf3 Bf8 46.
Ke4 Ke6 47. Ra7 Bb4 48. h4 Kf6 49. Ra6 Kg6 50. Rxc6+ Kh5 51. d5 1-0

[Event "4NCL Online Division 3"]
[Site "online"]
[Date "2020.10.20"]
[Round "5.41"]
[White "Skettos, Nicolas"]
[Black "Hill, Jonathan S"]
[Result "0-1"]
[WhiteElo "1862"]
[BlackElo "2012"]
[PlyCount "106"]
[EventDate "2020.10.20"]
[WhiteTeam "Phones Pals"]
[BlackTeam "Urmston"]

1. e4 c5 2. Nf3 g6 3. d4 cxd4 4. Nxd4 Nc6 5. Be2 Bg7 6. Nb3 d6 7. O-O Nf6 8.
Nc3 O-O 9. Re1 Bd7 10. Bf1 Rc8 11. Nd5 Ne5 12. Bg5 Nxd5 13. exd5 h6 14. Bh4 g5
15. Bg3 Bf5 16. c3 Bg6 17. f4 Nc4 18. Bxc4 Rxc4 19. fxg5 hxg5 20. Qe2 Re4 21.
Qf2 a5 22. Nd2 Rxe1+ 23. Rxe1 f5 24. Qe2 Bf6 25. Bf2 a4 26. a3 Kg7 27. Nf3 Bh5
28. Bd4 Bxd4+ 29. cxd4 Bxf3 30. Qxe7+ Qxe7 31. Rxe7+ Kf6 32. Re6+ Kf7 33. gxf3
Rc8 34. Rxd6 Rc1+ 35. Kg2 Rc2+ 36. Kg3 Rxb2 37. Rd7+ Kf6 38. h4 gxh4+ 39. Kxh4
Rb3 40. Kg3 Rxa3 41. Rxb7 Rd3 42. Rb4 a3 43. Ra4 Kg5 44. Kf2 f4 45. d6 Kf6 46.
d5 Rd2+ 47. Ke1 Rxd5 48. Rxf4+ Ke6 49. Ra4 Rd3 50. Ke2 Rb3 51. Ra6 Rb2+ 52. Kf1
a2 53. Kg1 Rb1+ 0-1

[Event "4NCL Online Division 3"]
[Site "online"]
[Date "2020.10.20"]
[Round "5.42"]
[White "Whalley, Mark E"]
[Black "Barker, Luke"]
[Result "1/2-1/2"]
[WhiteElo "1727"]
[BlackElo "1848"]
[PlyCount "101"]
[EventDate "2020.10.20"]
[WhiteTeam "Urmston"]
[BlackTeam "Phones Pals"]

1. d4 Nf6 2. e3 g6 3. Nf3 Bg7 4. b4 a5 5. b5 O-O 6. c4 c6 7. a4 d5 8. bxc6 bxc6
9. Bb2 Ba6 10. Na3 Nbd7 11. Bd3 dxc4 12. Bxc4 Nd5 13. Bxa6 Rxa6 14. Qe2 Ra8 15.
O-O N7b6 16. Nc4 Nxc4 17. Qxc4 Rc8 18. Ba3 Re8 19. Bc5 Nb4 20. Bxb4 axb4 21.
Qxb4 c5 22. Qd2 cxd4 23. exd4 e5 24. dxe5 Qxd2 25. Nxd2 Rxe5 26. Ra2 Re2 27.
Rd1 Bh6 28. Kf1 Re6 29. Nf3 Ra6 30. g3 Bg7 31. Rd5 Rca8 32. a5 Bc3 33. Nd4 Rxa5
34. Raxa5 Rxa5 35. Rxa5 Bxa5 36. Ke2 Kg7 37. Nb3 Bb4 38. f3 f6 39. g4 Bd6 40.
h3 Bg3 41. Kd3 Kh6 42. Nd4 Be5 43. Nc6 Bg3 44. Ke4 Kg5 45. Ne7 h5 46. gxh5 Kxh5
47. f4 Bxf4 48. Kxf4 Kh4 49. Nxg6+ Kxh3 50. Kf5 Kg3 51. Kxf6 1/2-1/2

[Event "4NCL Online Division 3"]
[Site "online"]
[Date "2020.10.20"]
[Round "5.43"]
[White "Benson, Alice"]
[Black "Reyes, John"]
[Result "0-1"]
[WhiteElo "740"]
[BlackElo "1652"]
[PlyCount "58"]
[EventDate "2020.10.20"]
[WhiteTeam "Phones Pals"]
[BlackTeam "Urmston"]

1. d4 c6 2. Bf4 d5 3. e3 Nf6 4. Nf3 Nbd7 5. Bd3 Nh5 6. Bg3 g6 7. Nc3 Nxg3 8.
hxg3 Bg7 9. Qe2 e5 10. e4 O-O 11. dxe5 Nxe5 12. Nxe5 Bxe5 13. Qd2 dxe4 14. Qh6
Re8 15. Qxh7+ Kf8 16. Bc4 Bg7 17. Rd1 Qb6 18. Bb3 e3 19. Qh4 exf2+ 20. Kf1 Qe3
21. g4 Bxc3 22. Qxf2 Qxf2+ 23. Kxf2 Bxb2 24. Rh7 Bg7 25. Kg3 b5 26. Rd6 Kg8 27.
Rh1 Be5+ 28. Kh4 Bxd6 29. Rf1 Be6 0-1

[Event "4NCL Online Division 3"]
[Site "online"]
[Date "2020.10.20"]
[Round "5.44"]
[White "Robinson, Alex"]
[Black "Srivastava, Aditya"]
[Result "0-1"]
[WhiteElo "1645"]
[BlackElo "654"]
[PlyCount "52"]
[EventDate "2020.10.20"]
[WhiteTeam "Urmston"]
[BlackTeam "Phones Pals"]

1. d4 Nf6 2. Nf3 e6 3. e3 b6 4. Bd3 Bb7 5. Nbd2 Be7 6. c3 O-O 7. e4 d6 8. O-O
Nbd7 9. e5 dxe5 10. dxe5 Ng4 11. Qe2 Nc5 12. Bc2 Qd5 13. h3 Nh6 14. c4 Qd7 15.
b4 Na4 16. Ne4 Nf5 17. Rd1 Qe8 18. g4 Bxe4 19. Qxe4 Nc3 20. Qd3 Nxd1 21. gxf5
Nxf2 22. Kxf2 Bxb4 23. f6 Bc5+ 24. Ke2 g6 25. Bh6 Rd8 26. Qe3 Bxe3 0-1